000 00894nam a22002897a 4500
003 CHAP
005 20220329140254.0
008 971013s1986 r 00010 d
010 _a49556
011 _a50528
035 _a54678
040 _cCHAP
090 _aTesis
100 0 0 _aTorres Elizondo, Hugo.
_9114084
245 _aPrueba de comportamiento de becerros charolais
260 _aMarín, N.L. :
_bEl autor,
_c1986
300 _a60 h.
_b: gráfs.
502 _aTesis (Ing. Agr. Zootecnista) -- Univ. Autónoma de Nuevo León. Fac. de Agronomía
590 _aALEPH
_b10
_c20130110
_lUCH01
_h1322
590 _aBATCH-UPD
_b10
_c20130110
_lUCH01
_h0531
590 _aCONVERSION
_b10
_c20130109
_lUCH01
_h1327
650 1 4 _aGanado Charolais.
_945066
650 1 4 _aGanado vacuno
_xPeso.
_945504
901 _aBK
942 _cTESIS
949 _bBC
_cTES
_d-120496
_eTS1
_h20091
_i54678
_mD
_si
999 _c49556
_d49556